000 01621nam a22003977a 4500
001 367
003 FISKH
005 20230329124054.0
008 230329b cb ||||| |||| 00| 0 eng d
020 _a9781471144769
040 _aDLC
_cDLC
_erda
_dDLC
_dFISKH
042 _apcc
_alcac
050 0 0 _aPZ7.R915935
_bDe 2016
082 0 0 _a813.6
_223
100 1 _aRussell, Rachel Renée,
_eauthor,
_eillustrator.
240 1 0 _aTales from a not-so-fabulous life
245 1 0 _aDear Dork /
_cRachel Renée Russell.
264 1 _aLondon :
_bSimon and Schuster.
_c2016.
300 _a321 pages :
_billustrations ;
_c20 cm.
336 _atext
_btxt
_2rdacontent
337 _aunmediated
_bn
_2rdamedia
338 _avolume
_bnc
_2rdacarrier
490 0 _aDork diaries ;
_v5
505 _aM
520 _aWhen Miss Know-It-All's inbox overflows with pleas for guidance, Nikki Maxwell, the school newspaper advice columnist, turns to her best friends for help.
521 8 _a700
_bLexile
521 8 _aM
_bRaz-Plus
650 1 _aAdvice columns
_vFiction.
650 1 _aStudent newspapers and periodicals
_vFiction.
650 1 _aMiddle schools
_vFiction.
650 1 _aSchools
_vFiction.
650 1 _aDiaries
_vFiction.
906 _a7
_bcbc
_corigres
_d2
_encip
_f20
_gy-gencatlg
942 _2ddc
_cBK
_n0
999 _c367
_d367